Capitales du monde - Map Quiz - Statistiques

Statistiques générales
  • Ce quiz a été pris 12 fois
  • Le résultat moyen est 94 sur 198
Réponses sur la Carte
Les réponses sont colorées sur une échelle allant du rouge au vert en fonction du pourcentage des utilisateurs qui les ont devinées à leur premier essai. Vous pouvez retrouver ces pourcentages ci-dessous.
 
Statistiques - réponses
Réponse % Correct
Buenos Aires
90%
Mexico
90%
Athènes
80%
Berne
80%
Brasilia
80%
Kiev
80%
La Havane
80%
Londres
80%
Madrid
80%
Monaco
80%
Oslo
80%
Ottawa
80%
Pyongyang
80%
Reykjavik
80%
Séoul
80%
Varsovie
80%
Abou Dabi
70%
Alger
70%
Amsterdam
70%
Andorre-La-Vieille
70%
Asuncion
70%
Bagdad
70%
Bruxelles
70%
Bucarest
70%
Dublin
70%
Hanoi
70%
Helsinki
70%
Jakarta
70%
Jerusalem
70%
Kaboul
70%
Katmandou
70%
Lima
70%
Lisbonne
70%
Luxembourg
70%
Manille
70%
Montevideo
70%
Moscou
70%
New Delhi
70%
Port-au-Prince
70%
Rabat
70%
Saint-Marin
70%
Taipei
70%
Tunis
70%
Washington DC
70%
Ankara
60%
Berlin
60%
Bogota
60%
Bratislava
60%
Budapest
60%
Caracas
60%
Chișinău
60%
Copenhague
60%
Doha
60%
Koweit
60%
La Valette
60%
Le Caire
60%
Le Cap
60%
Minsk
60%
Oulan-Bator
60%
Panama
60%
Paris
60%
Pekin
60%
Pretoria
60%
Quito
60%
Riyadh
60%
San Salvador
60%
Santiago
60%
Singapour
60%
Stockholm
60%
Sucre / La Paz
60%
Tallinn
60%
Tbilisi
60%
Téhéran
60%
Tripoli
60%
Vilnius
60%
Accra
50%
Bangkok
50%
Canberra
50%
Djibouti
50%
Guatemala
50%
Islamabad
50%
Ljubljana
50%
Nairobi
50%
Niamey
50%
Nicosie
50%
Ouagadougou
50%
Podgorica
50%
Prague
50%
Riga
50%
Rome
50%
Sofia
50%
Tirana
50%
Tokyo
50%
Vaduz
50%
Wellington
50%
Abuja
40%
Bakou
40%
Bamako
40%
Bangui
40%
Belgrade
40%
Belmopan
40%
Beyrouth
40%
Bichkek
40%
Bissau
40%
Dakar
40%
Damas
40%
Dili
40%
Dodoma
40%
Gaborone
40%
Georgetown
40%
Honiara
40%
Kinshasa
40%
Kuala Lumpur
40%
Libreville
40%
Luanda
40%
Mogadiscio
40%
Moroni
40%
Nassau
40%
Naypyidaw
40%
N'Djamena
40%
Ngerulmud
40%
Phnom Penh
40%
Port-Louis
40%
Port-Moresby
40%
Praia
40%
Saint-Domingue
40%
San José
40%
Sao Tomé
40%
Sarajevo
40%
Skopje
40%
Sri Jayawardenepura Kotte
40%
Tegucigalpa
40%
Windhoek
40%
Yamoussoukro
40%
Yaoundé
40%
Achgabat
30%
Addis-Abeba
30%
Amman
30%
Antananarivo
30%
Apia
30%
Asmara
30%
Astana
30%
Bandar Seri Begawan
30%
Bloemfontein
30%
Brazzaville
30%
Castries
30%
Conakry
30%
Dacca
30%
Erevan
30%
Gitega
30%
Khartoum
30%
Kigali
30%
Kingston
30%
Lilongwe
30%
Lomé
30%
Lusaka
30%
Majuro
30%
Malabo
30%
Malé
30%
Managua
30%
Maputo
30%
Mascate
30%
Maseru
30%
Mbabane
30%
Nouakchott
30%
Palikir
30%
Paramaribo
30%
Porto-Novo
30%
Pristina
30%
Sanaa
30%
Tachkent
30%
Thimphou
30%
Victoria
30%
Vienne
30%
Vientiane
30%
Yaren
30%
Zagreb
30%
Banjul
20%
Basseterre
20%
Bridgetown
20%
Djouba
20%
Douchanbé
20%
Freetown
20%
Harare
20%
Kampala
20%
Kingstown
20%
Manama
20%
Monrovia
20%
Nuku'Alofa
20%
Port-d'Espagne
20%
Port-Vila
20%
Roseau
20%
Saint-Georges
20%
Suva
20%
Tarawa
20%
Funafuti
10%
Saint John's
10%
Vatican
0%
Aucun quiz correspondant
Distribution des résultats
% des personnes avec chaque résultat
Percentile par nombre de réponses
Votre historique - résultats
Vous n’avez pas pris ce quiz